| 000 | 01768nab a2200265 ab4500 | ||
|---|---|---|---|
| 005 | 20260225132758.0 | ||
| 008 | 991125c2015 mx fr p 000 spa d | ||
| 035 | _aUPN01000211511 | ||
| 049 | _aART | ||
| 003 | |||
| 040 |
_aMX-MxUPN _bspa _cMX-MxUPN _eaacr |
||
| 100 | 1 | _aRodríguez Domínguez, Emanuel | |
| 245 | 1 | 3 |
_aLa delimitación cuantitativa de divisaderos de observación etnográfica : _buna herramienta metodológica para el estudio |
| 520 | 3 |
_aCon este artículo se intenta contribuir a los debates que han comenzado a descentrar el estudio del Estado y sus procesos políticos, con el objetivo de establecer una propuesta metodoló- gica que describa con mayor densidad las prácticas políticas de los actores en su interacción con las estructuras gubernamentales y partidarias, se plantea repensar las estrategias de investigación de los procesos políticos contemporáneos, con el propósito de poder delimitar con mayor precisión los ámbitos de condensación de las relaciones políticas en donde se desarrolla el trabajo de campo. En el texto se destaca el potencial de algunas técnicas cuantitativas para delimitar algunos divisaderos de observación etnográfica que me han permitido profundizar en el estudio de los procesos políticos contemporáneos de la Ciudad de México. _cNueva antropología. |
|
| 530 | _a Disponible también en formato electrónico | ||
| 653 | 0 | _aObservación etnográfica | |
| 653 | 0 | _aEstrategias de investigación | |
| 653 | 0 | _aProcesos sociopolíticos | |
| 653 | 0 | _aCiudad de México | |
| 773 |
_gVol. 38, no. 83 (2000), p. 73-97 _tNueva Antropología _x0185-0636 |
||
| 856 | 4 | _uhttps://dialnet.unirioja.es/ejemplar/424696 | |
| 902 | _aLeonor Sotres/250226 | ||
| 905 | _aArticulo | ||
| 942 | _cAI | ||
| 999 |
_c183612 _d183612 |
||